h1

h2

h3

h4

h5
h6
001024005 001__ 1024005
001024005 005__ 20260401090746.0
001024005 0247_ $$2doi$$a10.3139/9781569903650.003
001024005 0247_ $$2ISBN$$a1-56990-230-5
001024005 0247_ $$2ISBN$$a978-1-56990-230-1
001024005 0247_ $$2ISBN$$a978-1-56990-365-0
001024005 037__ $$aRWTH-2025-10916
001024005 041__ $$aEnglish
001024005 1001_ $$aKhanna, Priyanka$$b0
001024005 245__ $$aAccelerating and Scaling Innovation : Recycling in India$$honline, print
001024005 260__ $$aMünchen$$bHanser$$c2026
001024005 260__ $$c2025
001024005 29510 $$aCircular Textile Economy / Thomas Gries, Lukasz Debicki, Christian Schindler, Stefan Schlichter
001024005 300__ $$a108-123
001024005 3367_ $$07$$2EndNote$$aBook Section
001024005 3367_ $$0PUB:(DE-HGF)7$$2PUB:(DE-HGF)$$aContribution to a book$$bcontb$$mcontb$$s1766126102_3725574
001024005 3367_ $$2BibTeX$$aINBOOK
001024005 3367_ $$2DRIVER$$abookPart
001024005 3367_ $$2DataCite$$aOutput Types/Book chapter
001024005 3367_ $$2ORCID$$aBOOK_CHAPTER
001024005 500__ $$aDezember 2025
001024005 588__ $$aDataset connected to CrossRef Book
001024005 7001_ $$0P:(DE-82)IDM06911$$aBarbet, Laura Chloé Alexandra$$b1$$urwth
001024005 7870_ $$0RWTH-2025-10906$$iHasPart
001024005 9101_ $$0I:(DE-588b)36225-6$$6P:(DE-82)IDM06911$$aRWTH Aachen$$b1$$kRWTH
001024005 9141_ $$y2025
001024005 9201_ $$0I:(DE-82)419110_20140620$$k419110$$lLehrstuhl für Textilmaschinenbau und Institut für Textiltechnik$$x0
001024005 961__ $$c2025-12-19T07:36:23.634372$$x2025-12-19T07:36:23.634372$$z2025-12-19
001024005 980__ $$aI:(DE-82)419110_20140620
001024005 980__ $$aUNRESTRICTED
001024005 980__ $$aVDBINPRINT
001024005 980__ $$acontb